LIBRARY & INFORMATION CENTRE, KCAET, TAVANUR

ONLINE PUBLIC ACCESS CATALOGUE (OPAC)

Prosperity through lift irrigation / (Record no. 7327)

MARC details
000 -LEADER
fixed length control field 00463cam a2200181ua 4500
020 ## - INTERNATIONAL STANDARD BOOK NUMBER
ISBN 81-7040-278-6
041 ## - LANGUAGE CODE
Language code of text/sound track or separate title eng
082 ## - DEWEY DECIMAL CLASSIFICATION NUMBER
Classification number 631.587
Item number ACH/PR
100 ## - MAIN ENTRY--AUTHOR NAME
Personal name Acharya, V V .
245 ## - TITLE STATEMENT
Title Prosperity through lift irrigation /
250 ## - EDITION STATEMENT
Edition statement 1 /
260 ## - PUBLICATION, DISTRIBUTION, ETC. (IMPRINT)
Place of publication Mumbai :
Name of publisher Himalaya Publishers ,
Year of publication 1991.
300 ## - PHYSICAL DESCRIPTION
Number of Pages 383 ; .
942 ## - ADDED ENTRY ELEMENTS (KOHA)
Koha item type Books
Holdings
Withdrawn status Lost status Damaged status Home library Current library Date acquired Full call number Accession Number Koha item type
Withdrawn     KAUAET KAUAET 07/04/2012 631.587 18035 Books
free website counter